Pokémon - Génération VI dans l'ordre du Pokedex National - Statistiques

Statistiques générales
  • Ce quiz a été pris 18 fois
    11 depuis la dernière actualisation
  • Le résultat moyen est 66 sur 72
Statistiques - réponses
Numéro Pokémon % Correct
658 Amphinobi
100%
652 Blindépique
100%
651 Boguérisse
100%
662 Braisillon
100%
715 Bruyverne
100%
672 Cabriolaine
100%
673 Chevroum
100%
705 Colimucus
100%
676 Couafarel
100%
657 Croaporal
100%
719 Diancie
100%
680 Dimoclès
100%
681 Exagide
100%
660 Excavarenne
100%
653 Feunnec
100%
669 Flabébé
100%
663 Flambusard
100%
670 Floette
100%
671 Florges
100%
655 Goupelin
100%
712 Grelaçon
100%
656 Grenousse
100%
667 Hélionceau
100%
720 Hoopa
100%
664 Lépidonille
100%
650 Marisson
100%
678 Mistigrix
100%
679 Monorpale
100%
704 Mucuscule
100%
706 Muplodocus
100%
668 Némélios
100%
675 Pandarbare
100%
674 Pandespiègle
100%
661 Passerouge
100%
665 Pérégrain
100%
666 Prismillon
100%
677 Psystigri
100%
654 Roussil
100%
659 Sapereau
100%
713 Seracrawl
100%
714 Sonistrelle
100%
721 Volcanion
100%
716 Xerneas
100%
717 Yveltal
100%
718 Zygarde
100%
711 Banshitrouye
83%
708 Brocélôme
83%
701 Brutalibré
83%
683 Cocotine
83%
685 Cupcanaille
83%
702 Dedenne
83%
709 Desséliande
83%
682 Fluvetin
83%
700 Nymphali
83%
710 Pitrouille
83%
686 Sepiatop
83%
687 Sepiatroce
83%
703 Strassie
83%
684 Sucroquin
83%
707 Trousselin
83%
698 Amagara
67%
699 Dragmara
67%
692 Flingouste
67%
694 Galvaran
67%
693 Gamblast
67%
689 Golgopathe
67%
695 Iguolta
67%
691 Kravarech
67%
688 Opermine
67%
696 Ptyranidur
67%
697 Rexillius
67%
690 Venalgue
67%
Aucun quiz correspondant
Distribution des résultats
% des personnes avec chaque résultat
Percentile par nombre de réponses
Votre historique - résultats
Vous n’avez pas pris ce quiz depuis la dernière actualisation